00948nam a2200217 i 450000100060000000300090000600500170001500700030003200800410003510000280007624501110010425000420021526000670025730000300032465000270035465000310038185201600041294200200057299900170059295201210060937061ES-MaACL20250725062531.0t|030220s1947 fr ||||1| fre d1 aBruhat, Georges.93210910aCours de Physique génerale a l'usage de l'enseignement superieur...b: electricité / cGeorges Bruhat. a5eme ed., rev. et corr., 2eme tirage. aParís : bMasson et Cie, c1947 (ePoitiers : fMarc Texier) a762 p. : bil. ; c24 cm. 7aFísica2embne912877 7aElectricidad2embne912159 aES-MaACLjD-6391 bR.31819bR.M.5986938409cSVIfSello en tinta azul de la Biblioteca del Ateneo de MadridxEncuadernación hoalndesa en tela azul marino 2udccMONOGRAFIA c37061d37061 00104070aATENEOMbATENEOMcSVId2008-01-17eSCl0oD-6391p901038991r2023-02-23 00:00:00w2023-02-23yMONOGRAFIA